00589nam a2200193Ia 4500008004100000020000700041082001200048100002000060245002800080250000700108260004000115300002900155500001900184600003300203650001500236942000700251952012200258999001500380240925s9999 xx 000 0 und d aNA a185 THO aThomas ,J. A.K. 4aThe Ethics of Aristotle aNA aNew York:bCengage Learningc,1953. axvii,828p.bNAfOriginal aIncludes Index aHumanities & Natural Science aPhilosophy cBK 001040708HUMaUITUbUITUd2001-10-16eKey Venturesg257.00l0o185 THOpQ4022r2024-09-25 07:13:21w2024-09-25yBK c6521d6521